Educación tecnológica en Tlaxcala : (Record no. 217447)
[ view plain ]
| 000 -CABECERA | |
|---|---|
| campo de control de longitud fija | 00760nam a22002057a 4500 |
| 005 - FECHA Y HORA DE LA ÚLTIMA TRANSACCIÓN | |
| campo de control | 20220729141022.0 |
| 008 - DATOS DE LONGITUD FIJA--INFORMACIÓN GENERAL | |
| campo de control de longitud fija | 220728s2005 mx a|||f |||| 00| 0 spa d |
| 020 ## - NÚMERO INTERNACIONAL ESTÁNDAR DEL LIBRO | |
| Número Internacional Estándar del Libro | 970-9871-05-8 (Volumen 2) |
| 040 ## - FUENTE DE LA CATALOGACIÓN | |
| Centro/agencia transcriptor | CHAP |
| 082 ## - NÚMERO DE LA CLASIFICACIÓN DECIMAL DEWEY | |
| Número de clasificación | 378.7247 |
| Número de documento/Ítem | A66 v.2 |
| Número de edición | 22 |
| 100 ## - ENTRADA PRINCIPAL--NOMBRE DE PERSONA | |
| 9 (RLIN) | 185254 |
| Nombre de persona | Arce Rodríguez, Mercedes |
| 245 ## - MENCIÓN DE TÍTULO | |
| Título | Educación tecnológica en Tlaxcala : |
| Resto del título | resultados finales de investigación / |
| Mención de responsabilidad, etc. | por Mercedes Arce Rodríguez. |
| 264 ## - PRODUCCIÓN, PUBLICACIÓN, DISTRIBUCIÓN, FABRICACIÓN Y COPYRIGHT | |
| Producción, publicación, distribución, fabricación y copyright | Tlaxcala, México : |
| Nombre del de productor, editor, distribuidor, fabricante | El Colegio de Tlaxcala : |
| -- | USET : |
| -- | SEPUEDE, |
| Fecha de producción, publicación, distribución, fabricación o copyright | 2005. |
| 300 ## - DESCRIPCIÓN FÍSICA | |
| Extensión | 159 páginas : |
| Otras características físicas | tablas,cuadros,gráficas. |
| 336 ## - TIPO DE CONTENIDO | |
| Fuente | texto |
| Término de tipo de contenido | txt |
| Código de tipo de contenido | rdacontenido |
| 337 ## - TIPO DE MEDIO | |
| Fuente | sinmedio |
| Nombre/término del tipo de medio | n |
| Código del tipo de medio | rdamedia |
| 338 ## - TIPO DE SOPORTE | |
| Fuente | volumen |
| Nombre/término del tipo de soporte | nc |
| Código del tipo de soporte | rdacarrier |
| 650 #0 - PUNTO DE ACCESO ADICIONAL DE MATERIA--TÉRMINO DE MATERIA | |
| 9 (RLIN) | 185217 |
| Término de materia o nombre geográfico como elemento de entrada | Educación técnica |
| Subdivisión geográfica | Tlaxcala |
| 942 ## - ELEMENTOS DE PUNTO DE ACCESO ADICIONAL (KOHA) | |
| Fuente del sistema de clasificación o colocación | Dewey Decimal Classification |
| Tipo de ítem Koha | Libro |
| Estado de retiro | Estado de pérdida | Fuente del sistema de clasificación o colocación | Estado dañado | Restricciones de uso | No para préstamo | Código de colección | Localización permanente | Ubicación/localización actual | Ubicación en estantería | Fecha de adquisición | Total de préstamos | Signatura topográfica completa | Código de barras | Fecha visto por última vez | Precio válido a partir de | Tipo de ítem Koha |
|---|---|---|---|---|---|---|---|---|---|---|---|---|---|---|---|---|
| Dewey Decimal Classification | Préstamo 15 días | General | Biblioteca Central | Biblioteca Central | Planta alta - Colección General | 28/07/2022 | 378.7247 A66 v.2 | 33724002563743 | 28/07/2022 | 28/07/2022 | Libro |
